| 000 | 00613nam a22001937a 4500 | ||
|---|---|---|---|
| 999 |
_c8409 _d8409 |
||
| 008 | 201118b ||||| |||| 00| 0 eng d | ||
| 040 | _aBMS College of Architecture | ||
| 100 | _aShirgod, Kabir Yaseen Abdul | ||
| 245 | _aSchool for children with special needs (Blind and autistic children) | ||
| 300 | _aNA | ||
| 500 | _a1BM15AT119 | ||
| 502 |
_8B,Arch _NBMS College of Architecture, Visvesvaraya Technological University (VTU) _aProject report _d2019 |
||
| 650 | _aBlind | ||
| 650 | _aChildren | ||
| 650 | _aSchool | ||
| 700 |
_aYogeshwari K _eGuide |
||
| 700 |
_aLakshmy Poorna _eGuide |
||
| 942 |
_2ddc _cTHE |
||